| 000 | 00744nam a22002297a 4500 | ||
|---|---|---|---|
| 999 |
_c4887 _d4887 |
||
| 003 | AR-CdUCM | ||
| 008 | 190311b ||||| |||| 00| 0 spa d | ||
| 040 |
_aMUNICIPALIDAD PROVINCIAL DEL CUSCO _cBIBLIOTECA MUNICIPAL DEL CUSCO |
||
| 082 |
_a869.56 / _bL54 |
||
| 100 |
_aLévano, César _95418 |
||
| 245 | _aEste & oeste / | ||
| 260 |
_aLima : _bGráfica labor, _c1968. |
||
| 300 |
_a79 páginas ; _bfotografías ; _c21.5 cm. |
||
| 500 | _aDonación de la familia Nieto. Dedicatoria del autor. | ||
| 650 |
_aPoesía peruana - Siglo XX _914083 |
||
| 650 |
_aPoetas peruanos _91611 |
||
| 650 |
_aPoesía - Perú _910037 |
||
| 650 |
_aCesar Levano - Poemas _915031 |
||
| 650 |
_aEste y oeste _915032 |
||
| 942 |
_2ddc _cLIBROS |
||
| 945 | _alccs | ||